[Event "Krasnoyarsk-ch"]
[Site "Krasnoyarsk"]
[Date "2016.03.18"]
[Round "5"]
[White "Belmeskin, Ilia"]
[Black "Sukhotin, Ilya"]
[Result "1/2-1/2"]
[WhiteElo "2246"]
[BlackElo "2174"]
[PlyCount "84"]
[EventDate "2016.02.01"]
[EventType "swiss"]
[EventRounds "9"]
[EventCountry "RUS"]
[SourceTitle "CBM 171 Extra"]
[Source "ChessBase"]
[SourceDate "2016.04.26"]
[SourceVersion "1"]
[SourceVersionDate "2016.04.26"]
[SourceQuality "1"]

1. c4 Nf6 2. Nf3 e6 3. Nc3 d5 4. d3 dxc4 5. Qa4+ c6 6. Qxc4 Bd6 7. d4 Nbd7 8. e4 e5 9. Bg5 Qa5 10. 0-0-0 0-0 11. Bxf6 Nxf6 12. dxe5 Bxe5 13. Nxe5 Qxe5 14. Qd4 Qxd4 15. Rxd4 Be6 16. Be2 Rfd8 17. Rhd1 Rxd4 18. Rxd4 Kf8 19. f4 g6 20. f5 gxf5 21. exf5 Bd5 22. g4 h6 23. h4 Ke7 24. Kd2 Kd6 25. Ke3 Ke5 26. Rd1 Rg8 27. Rg1 Ne8 28. Bd3 Nd6 29. Nxd5 cxd5 30. Kf3 Re8 31. g5 hxg5 32. hxg5 Ne4 33. Ke3 Kxf5 34. Kd4 Ke6 35. Re1 Kd6 36. Bxe4 dxe4 37. Rxe4 Rc8 38. Rf4 Ke7 39. Rf2 Rc1 40. Rg2 Kd6 41. Kd3 Rc5 42. Rg4 Rb5 1/2-1/2

[Event "Krasnoyarsk-ch"]
[Site "Krasnoyarsk"]
[Date "2016.03.15"]
[Round "2"]
[White "Sukhotin, Ilya"]
[Black "Krikunova, Olesya"]
[Result "1-0"]
[WhiteElo "2174"]
[BlackElo "1756"]
[PlyCount "77"]
[EventDate "2016.02.01"]
[EventType "swiss"]
[EventRounds "9"]
[EventCountry "RUS"]
[SourceTitle "CBM 171 Extra"]
[Source "ChessBase"]
[SourceDate "2016.04.26"]
[SourceVersion "1"]
[SourceVersionDate "2016.04.26"]
[SourceQuality "1"]

1. e4 d6 2. d4 Nf6 3. Nc3 e5 4. Nf3 Nbd7 5. Bc4 Be7 6. 0-0 0-0 7. h3 c6 8. Bb3 Qc7 9. Re1 exd4 10. Nxd4 Ne5 11. f4 Ng6 12. a4 Re8 13. Nf3 Be6 14. f5 Bxb3 15. fxg6 Be6 16. gxf7+ Bxf7 17. Bf4 Nd7 18. Kh1 Ne5 19. Nxe5 dxe5 20. Be3 Rad8 21. Qe2 Be6 22. Red1 Rxd1+ 23. Nxd1 Rf8 24. Nf2 Bd8 25. Rd1 Qf7 26. b3 Qg6 27. Bc5 Re8 28. Bxa7 b6 29. a5 bxa5 30. Rd6 Qf7 31. Be3 Qc7 32. Rd1 Be7 33. Nd3 Rd8 34. Ra1 Bf7 35. Nb2 Bg6 36. Nc4 Ra8 37. Bb6 Qd7 38. Rxa5 Rxa5 39. Bxa5 1-0

[Event "Krasnoyarsk Marchko Memorial"]
[Site "Krasnoyarsk"]
[Date "2015.12.27"]
[Round "9"]
[White "Khegay, Dmitriy"]
[Black "Sukhotin, Ilya"]
[Result "1-0"]
[WhiteElo "2405"]
[BlackElo "2137"]
[PlyCount "67"]
[EventDate "2015.12.19"]
[EventType "tourn"]
[EventRounds "9"]
[EventCountry "RUS"]
[SourceTitle "EXT 2018"]
[Source "ChessBase"]
[SourceDate "2017.10.13"]
[SourceVersion "1"]
[SourceVersionDate "2017.10.13"]
[SourceQuality "1"]

1. d4 d5 2. c4 e6 3. Nc3 Nf6 4. cxd5 exd5 5. Bg5 Be7 6. e3 0-0 7. Bd3 Nbd7 8. Nf3 Re8 9. Qc2 c6 10. 0-0 Nf8 11. Rae1 Nh5 12. Bxe7 Rxe7 13. Ne5 f6 14. Nf3 g6 15. b4 Be6 16. b5 cxb5 17. Nxb5 a6 18. Nc3 Rc8 19. Qb3 b5 20. h3 Qd6 21. Ne2 Rec7 22. Rb1 g5 23. Nh2 Ng6 24. a4 Nh4 25. axb5 axb5 26. Qb4 Qd7 27. Qxb5 Bxh3 28. gxh3 Qxh3 29. Qxd5+ Kh8 30. Rfc1 Rxc1+ 31. Rxc1 Rg8 32. Rc7 Ng7 33. Ng3 f5 34. Bf1 1-0

[Event "Krasnoyarsk Marchko Memorial"]
[Site "Krasnoyarsk"]
[Date "2015.12.19"]
[Round "1"]
[White "Tikhomirov, Alexey"]
[Black "Sukhotin, Ilya"]
[Result "0-1"]
[WhiteElo "2250"]
[BlackElo "2137"]
[PlyCount "88"]
[EventDate "2015.12.19"]
[EventType "tourn"]
[EventRounds "9"]
[EventCountry "RUS"]
[SourceTitle "EXT 2018"]
[Source "ChessBase"]
[SourceDate "2017.10.13"]
[SourceVersion "1"]
[SourceVersionDate "2017.10.13"]
[SourceQuality "1"]

1. d4 d5 2. Nf3 Nf6 3. c4 e6 4. Nc3 c6 5. cxd5 exd5 6. Bg5 Bf5 7. a3 Nbd7 8. e3 Bd6 9. Bd3 Bxd3 10. Qxd3 0-0 11. 0-0 Re8 12. Qc2 Qc7 13. Rac1 Rac8 14. Qf5 Qb8 15. Rfe1 Re6 16. Bxf6 Nxf6 17. g3 h6 18. Nd2 Rce8 19. b4 h5 20. Kg2 g6 21. Qc2 Ng4 22. e4 dxe4 23. Rxe4 a5 24. bxa5 Bxa3 25. Rb1 Qa8 26. Nc4 Bf8 27. Rb6 Bg7 28. Rxe6 Rxe6 29. d5 cxd5 30. Nxd5 Qd8 31. Rxe6 Qxd5+ 32. Qe4 fxe6 33. Qxd5 exd5 34. Nd6 Bd4 35. f4 Kf8 36. Nxb7 Ke7 37. a6 Ne3+ 38. Kf3 Nc4 39. g4 h4 40. g5 Bb6 41. Kg4 d4 42. f5 gxf5+ 43. Kxf5 d3 44. g6 d2 0-1

[Event "Krasnoyarsk Region-ch"]
[Site "Krasnoyarsk"]
[Date "2015.10.18"]
[Round "11"]
[White "Resmyatova, Antonina"]
[Black "Sukhotin, Ilya"]
[Result "0-1"]
[WhiteElo "2035"]
[BlackElo "2175"]
[PlyCount "62"]
[EventDate "2015.10.??"]
[EventType "swiss"]
[EventRounds "11"]
[EventCountry "RUS"]
[SourceTitle "CBM 169 Extra"]
[Source "ChessBase"]
[SourceDate "2015.12.18"]
[SourceVersion "1"]
[SourceVersionDate "2015.12.18"]
[SourceQuality "1"]

1. d4 d5 2. c4 e6 3. Nf3 c6 4. g3 Nf6 5. Bg2 Nbd7 6. 0-0 Be7 7. b3 0-0 8. Nc3 Re8 9. Bb2 Rb8 10. Qc2 b5 11. Nd2 Bf8 12. e4 bxc4 13. bxc4 Ba6 14. e5 Ng4 15. Rfb1 c5 16. h3 cxd4 17. hxg4 dxc4 18. Nce4 Nxe5 19. Nf3 d3 20. Qc3 Nxg4 21. Bc1 Qd7 22. Bf4 Rxb1+ 23. Rxb1 f5 24. Ned2 Bc5 25. Rf1 Qa4 26. Ne5 Bb4 27. Qd4 Nxe5 28. Qxe5 c3 29. Qc7 cxd2 30. Bxd2 Bxd2 31. Bc6 Qc4 0-1

[Event "Krasnoyarsk Region-ch"]
[Site "Krasnoyarsk"]
[Date "2015.10.12"]
[Round "5"]
[White "Martynova, Anastasiya"]
[Black "Sukhotin, Ilya"]
[Result "1-0"]
[WhiteElo "1959"]
[BlackElo "2175"]
[PlyCount "87"]
[EventDate "2015.10.??"]
[EventType "swiss"]
[EventRounds "11"]
[EventCountry "RUS"]
[SourceTitle "CBM 169 Extra"]
[Source "ChessBase"]
[SourceDate "2015.12.18"]
[SourceVersion "1"]
[SourceVersionDate "2015.12.18"]
[SourceQuality "1"]

1. d4 Nf6 2. c4 e6 3. Nf3 Bb4+ 4. Bd2 Qe7 5. Nc3 Bxc3 6. Bxc3 Ne4 7. Qc2 d5 8. e3 Nd7 9. Bd3 Nxc3 10. bxc3 dxc4 11. Bxc4 e5 12. 0-0 0-0 13. e4 h6 14. Rfe1 Rb8 15. a4 c6 16. Bb3 b6 17. g3 a6 18. Nh4 Qf6 19. Rad1 b5 20. Kg2 c5 21. dxe5 Qxe5 22. Ng6 Qf6 23. Nxf8 Nxf8 24. e5 Qe7 25. Bd5 b4 26. cxb4 cxb4 27. Re3 a5 28. Qc6 Bd7 29. Qd6 Qxd6 30. exd6 Bxa4 31. Ra1 Bc2 32. Be4 Bxe4+ 33. Rxe4 Rb5 34. Re8 Rd5 35. Rb8 g6 36. Ra8 Kg7 37. R1xa5 Rxd6 38. Rb5 Rd4 39. Rab8 g5 40. Rxb4 Rd2 41. R4b7 g4 42. Re8 Nh7 43. Ree7 Ng5 44. Red7 1-0

[Event "Krasnoyarsk Region-ch"]
[Site "Krasnoyarsk"]
[Date "2015.10.10"]
[Round "3"]
[White "Sukhotin, Ilya"]
[Black "Komov, Roman"]
[Result "0-1"]
[WhiteElo "2175"]
[BlackElo "2129"]
[PlyCount "116"]
[EventDate "2015.10.??"]
[EventType "swiss"]
[EventRounds "11"]
[EventCountry "RUS"]
[SourceTitle "CBM 169 Extra"]
[Source "ChessBase"]
[SourceDate "2015.12.18"]
[SourceVersion "1"]
[SourceVersionDate "2015.12.18"]
[SourceQuality "1"]

1. e4 c5 2. Nf3 e6 3. d4 cxd4 4. Nxd4 a6 5. Bd3 Qc7 6. 0-0 Nc6 7. Be3 Nf6 8. Nc3 Ne5 9. Bf4 d6 10. Bg3 Be7 11. f4 Neg4 12. Qd2 Qb6 13. Kh1 Bd7 14. Be2 h5 15. e5 h4 16. exf6 hxg3 17. Bxg4 Rxh2+ 18. Kg1 Bxf6 19. Nce2 0-0-0 20. Nxg3 Rh4 21. Bh3 Qxd4+ 22. Qxd4 Bxd4+ 23. Kh2 Bxb2 24. Rab1 Bf6 25. Ne4 Bc6 26. Nd2 Kc7 27. Kg3 Rhh8 28. Nf3 Be4 29. Rbc1 d5 30. c3 Kb8 31. Nd2 Bg6 32. c4 d4 33. c5 Rc8 34. f5 Be5+ 35. Kf3 Bxf5 36. Bxf5 exf5 37. Nb3 f6 38. Rfd1 Rhd8 39. Rd3 g5 40. g4 fxg4+ 41. Kxg4 Rh8 42. Kf5 Rh4 43. Na5 Rf4+ 44. Ke6 Re4 45. Kf5 Re3 46. Rdd1 Rc3 47. Rb1 R3xc5 48. Nxb7 Rb5 49. Na5 Ka7 50. Nb3 Rc3 51. Rh1 Kb6 52. Rh8 Rf3+ 53. Ke6 Rc3 54. Rg8 d3 55. Kf5 Bf4+ 56. Ke4 Rb4+ 57. Kf3 d2+ 58. Kf2 Rc1 0-1

[Event "Krasnoyarsk Region-ch"]
[Site "Krasnoyarsk"]
[Date "2015.10.08"]
[Round "1"]
[White "Sukhotin, Ilya"]
[Black "Isagov, Nariman"]
[Result "1-0"]
[WhiteElo "2175"]
[BlackElo "2044"]
[PlyCount "51"]
[EventDate "2015.10.??"]
[EventType "swiss"]
[EventRounds "11"]
[EventCountry "RUS"]
[SourceTitle "CBM 169 Extra"]
[Source "ChessBase"]
[SourceDate "2015.12.18"]
[SourceVersion "1"]
[SourceVersionDate "2015.12.18"]
[SourceQuality "1"]

1. e4 d6 2. d4 Nf6 3. Nc3 e5 4. Nge2 Be7 5. Be3 0-0 6. f3 exd4 7. Nxd4 Re8 8. Qd2 Nc6 9. 0-0-0 Nxd4 10. Bxd4 a6 11. Qf2 Be6 12. e5 Nd7 13. exd6 Bxd6 14. f4 Nf6 15. h3 Qe7 16. f5 Bd7 17. Bd3 Be5 18. Bxe5 Qxe5 19. Rhe1 Qa5 20. g4 Bc6 21. g5 Nd5 22. Nxd5 Bxd5 23. a3 Rad8 24. Rxe8+ Rxe8 25. f6 Bc6 26. Qh4 1-0

[Event "Krasnoyarsk Marchko Memorial"]
[Site "Krasnoyarsk"]
[Date "2013.12.27"]
[Round "7"]
[White "Sukhotin, Ilya"]
[Black "Dobrovolskiy, Roman"]
[Result "1/2-1/2"]
[WhiteElo "2188"]
[BlackElo "2171"]
[PlyCount "23"]
[EventDate "2013.12.21"]
[EventType "swiss"]
[EventRounds "9"]
[EventCountry "RUS"]
[SourceTitle "CBM 158 Extra"]
[Source "ChessBase"]
[SourceDate "2014.02.28"]
[SourceVersion "1"]
[SourceVersionDate "2014.02.28"]
[SourceQuality "1"]

1. e4 e5 2. Nf3 Nc6 3. d4 exd4 4. Nxd4 Nf6 5. Nxc6 bxc6 6. e5 Qe7 7. Qe2 Nd5 8. c4 Ba6 9. Qe4 Nf6 10. Qe2 Nd5 11. Qe4 Nf6 12. Qe2 1/2-1/2

[Event "Krasnoyarsk Marchko Memorial"]
[Site "Krasnoyarsk"]
[Date "2013.12.26"]
[Round "6"]
[White "Sergeev, Ilya"]
[Black "Sukhotin, Ilya"]
[Result "1/2-1/2"]
[WhiteElo "2078"]
[BlackElo "2188"]
[PlyCount "119"]
[EventDate "2013.12.21"]
[EventType "swiss"]
[EventRounds "9"]
[EventCountry "RUS"]
[SourceTitle "CBM 158 Extra"]
[Source "ChessBase"]
[SourceDate "2014.02.28"]
[SourceVersion "1"]
[SourceVersionDate "2014.02.28"]
[SourceQuality "1"]

1. Nf3 Nf6 2. g3 b6 3. Bg2 Bb7 4. 0-0 c5 5. c4 e6 6. Nc3 Be7 7. Re1 0-0 8. e4 d6 9. d4 cxd4 10. Nxd4 a6 11. e5 dxe5 12. Bxb7 Ra7 13. Nc6 Qxd1 14. Nxe7+ Kh8 15. Rxd1 Rxb7 16. Ned5 exd5 17. Nxd5 Nxd5 18. Rxd5 f6 19. Be3 Rc8 20. Rad1 Kg8 21. b3 Kf7 22. Kg2 Rcc7 23. Rd6 Nd7 24. R1d5 Ke7 25. h4 Rc8 26. Kf3 b5 27. Rxa6 bxc4 28. bxc4 Rxc4 29. a4 Nb8 30. Ra8 Ke6 31. Rc5 Rxc5 32. Bxc5 Kd5 33. Be3 Kc4 34. Ke4 g6 35. g4 Nd7 36. Rc8+ Kb3 37. a5 Nb8 38. Bb6 Na6 39. Rf8 Kc4 40. Rxf6 Nb4 41. Kxe5 Nd3+ 42. Kd6 Kb5 43. Rf3 Nb4 44. Rb3 Kc4 45. Re3 Rf7 46. Re4+ Kb5 47. Ke6 Rf3 48. Rd4 Nc6 49. Rd7 Rf4 50. Rxh7 Rxg4 51. h5 gxh5 52. Rxh5+ Ka6 53. Rd5 Rf4 54. Kd7 Nxa5 55. Bxa5 Rxf2 56. Bc3 Rc2 57. Bd4 Rc4 58. Kd6 Rc8 59. Bf6 Rc2 60. Bd8 1/2-1/2

[Event "Krasnoyarsk Marchko Memorial"]
[Site "Krasnoyarsk"]
[Date "2013.12.23"]
[Round "3"]
[White "Khegay, Dmitriy"]
[Black "Sukhotin, Ilya"]
[Result "1-0"]
[WhiteElo "2348"]
[BlackElo "2188"]
[PlyCount "69"]
[EventDate "2013.12.21"]
[EventType "swiss"]
[EventRounds "9"]
[EventCountry "RUS"]
[SourceTitle "CBM 158 Extra"]
[Source "ChessBase"]
[SourceDate "2014.02.28"]
[SourceVersion "1"]
[SourceVersionDate "2014.02.28"]
[SourceQuality "1"]

1. e4 c5 2. Nf3 e6 3. d4 cxd4 4. Nxd4 a6 5. Nc3 Qc7 6. g3 Nf6 7. Bg2 d6 8. 0-0 Be7 9. a4 0-0 10. f4 Nc6 11. Nb3 Bd7 12. Be3 Na5 13. Nxa5 Qxa5 14. Kh1 Bc6 15. Qd2 Qc7 16. a5 Rac8 17. Qe2 Nd7 18. Rfd1 Rfe8 19. g4 Bf8 20. g5 g6 21. Qf2 Nc5 22. Bd4 b5 23. axb6 Qb7 24. Bxc5 dxc5 25. e5 Qxb6 26. Bxc6 Qxc6+ 27. Qg2 Qb6 28. Ne4 Be7 29. c3 Rb8 30. Rd7 Qxb2 31. Qxb2 Rxb2 32. Rxa6 Re2 33. Rxe7 Rb8 34. Nf6+ Kg7 35. Rxf7+ 1-0

[Event "Krasnoyarsk City-ch"]
[Site "Krasnoyarsk"]
[Date "2013.10.13"]
[Round "11"]
[White "Koshaev, Valerij"]
[Black "Sukhotin, Ilya"]
[Result "0-1"]
[WhiteElo "2146"]
[BlackElo "2210"]
[PlyCount "112"]
[EventDate "2013.10.03"]
[EventType "swiss"]
[EventRounds "11"]
[EventCountry "RUS"]
[SourceTitle "EXT 2014"]
[Source "ChessBase"]
[SourceDate "2013.11.20"]
[SourceVersion "1"]
[SourceVersionDate "2013.11.20"]
[SourceQuality "1"]

1. c4 Nf6 2. Nc3 e6 3. d4 Bb4 4. f3 c5 5. e3 Nc6 6. Nge2 d5 7. a3 Bxc3+ 8. Nxc3 cxd4 9. cxd5 Nxd5 10. exd4 Qh4+ 11. g3 Qxd4 12. Nxd5 Qxd1+ 13. Kxd1 exd5 14. Bb5 0-0 15. Be3 Bh3 16. Rg1 Ne5 17. Ke2 a6 18. Ba4 b5 19. Bb3 Be6 20. Rad1 d4 21. Bxe6 d3+ 22. Kf2 fxe6 23. Bf4 Ng6 24. Rxd3 Nxf4 25. gxf4 Rxf4 26. Re1 Rf6 27. Rd6 Raf8 28. Rdxe6 Rxf3+ 29. Kg1 Rf2 30. R1e2 Rxe2 31. Rxe2 Rf5 32. Re6 a5 33. Rb6 Rc5 34. b4 axb4 35. axb4 Rd5 36. Rb7 h5 37. Kf2 Kh7 38. Rb6 g6 39. Rb7+ Kh6 40. h4 Rd4 41. Rxb5 Rxh4 42. Rb8 Kg5 43. Rb5+ Kf4 44. Rc5 Rh2+ 45. Kg1 Rb2 46. Rc4+ Kg5 47. Rc5+ Kh6 48. b5 h4 49. Kh1 g5 50. Rc6+ Kh5 51. b6 h3 52. Kg1 g4 53. Rc5+ Kh4 54. Rc6 Rb1+ 55. Kf2 g3+ 56. Kf3 h2 0-1

[Event "Krasnoyarsk City-ch"]
[Site "Krasnoyarsk"]
[Date "2013.10.10"]
[Round "8"]
[White "Volontinas, Ivan Nikolaevich"]
[Black "Sukhotin, Ilya"]
[Result "1/2-1/2"]
[WhiteElo "2061"]
[BlackElo "2210"]
[PlyCount "81"]
[EventDate "2013.10.03"]
[EventType "swiss"]
[EventRounds "11"]
[EventCountry "RUS"]
[SourceTitle "EXT 2014"]
[Source "ChessBase"]
[SourceDate "2013.11.20"]
[SourceVersion "1"]
[SourceVersionDate "2013.11.20"]
[SourceQuality "1"]

1. d4 e6 2. c4 Bb4+ 3. Nc3 c5 4. dxc5 Bxc3+ 5. bxc3 Na6 6. Bf4 Nxc5 7. Qd4 e5 8. Bxe5 Ne6 9. Qd2 b6 10. e4 Bb7 11. f3 Ne7 12. Ne2 f5 13. exf5 Nxf5 14. Nd4 Nexd4 15. cxd4 0-0 16. Bd3 d6 17. Bxf5 Rxf5 18. Bg3 Qe7+ 19. Kf2 Qf7 20. Qd3 d5 21. c5 bxc5 22. dxc5 d4 23. Rhb1 Rxc5 24. Qxd4 Rc2+ 25. Kg1 Rac8 26. Rb2 Rxb2 27. Qxb2 Bd5 28. Rc1 Rxc1+ 29. Qxc1 Bxa2 30. h4 Bc4 31. Kh2 h6 32. Qc3 a6 33. Be5 Bb5 34. Qc8+ Kh7 35. Qc2+ Qg6 36. Qc7 Bf1 37. Bg3 Qf5 38. Be5 Qg6 39. Bg3 Bd3 40. Be5 Bb5 41. Kg1 1/2-1/2

[Event "Krasnoyarsk City-ch"]
[Site "Krasnoyarsk"]
[Date "2013.10.09"]
[Round "7"]
[White "Sholokhov, Anatoly"]
[Black "Sukhotin, Ilya"]
[Result "1/2-1/2"]
[WhiteElo "2040"]
[BlackElo "2210"]
[PlyCount "111"]
[EventDate "2013.10.03"]
[EventType "swiss"]
[EventRounds "11"]
[EventCountry "RUS"]
[SourceTitle "EXT 2014"]
[Source "ChessBase"]
[SourceDate "2013.11.20"]
[SourceVersion "1"]
[SourceVersionDate "2013.11.20"]
[SourceQuality "1"]

1. e4 c5 2. c3 Nf6 3. e5 Nd5 4. d4 cxd4 5. Qxd4 e6 6. Nf3 Nc6 7. Qe4 d6 8. Bb5 Bd7 9. Bc4 Nb6 10. Bb3 Na5 11. Nd4 dxe5 12. Qxe5 Nc6 13. Qe4 Nxd4 14. Qxd4 Bb5 15. Be3 Qxd4 16. Bxd4 Nc4 17. Bxc4 Bxc4 18. Nd2 Bb5 19. a4 Bd3 20. Nf3 f6 21. Kd2 Be4 22. Ke2 a5 23. Rhd1 e5 24. Be3 Be7 25. Rd2 Kf7 26. Ne1 g5 27. f3 Bc6 28. Nd3 g4 29. f4 Bxg2 30. fxe5 f5 31. e6+ Ke8 32. Nf4 Bf3+ 33. Kf2 Bh4+ 34. Kf1 Rd8 35. Rxd8+ Bxd8 36. Bd4 Rg8 37. b4 Bc7 38. Nh5 Ke7 39. Re1 Rg6 40. Ng7 Be4 41. Bc5+ Bd6 42. Bxd6+ Kxd6 43. Rd1+ Ke5 44. e7 Bc6 45. e8Q+ Bxe8 46. Nxe8 Rc6 47. Re1+ Kd5 48. bxa5 Rxc3 49. Nf6+ Kd6 50. Nxh7 Rh3 51. Nf6 Rxh2 52. Kg1 Ra2 53. Rb1 Rxa4 54. Rxb7 Rxa5 55. Rb4 g3 56. Nh5 1/2-1/2

[Event "Krasnoyarsk City-ch"]
[Site "Krasnoyarsk"]
[Date "2013.10.07"]
[Round "5"]
[White "Tikhomirov, Alexey"]
[Black "Sukhotin, Ilya"]
[Result "1-0"]
[WhiteElo "2215"]
[BlackElo "2210"]
[PlyCount "91"]
[EventDate "2013.10.03"]
[EventType "swiss"]
[EventRounds "11"]
[EventCountry "RUS"]
[SourceTitle "EXT 2014"]
[Source "ChessBase"]
[SourceDate "2013.11.20"]
[SourceVersion "1"]
[SourceVersionDate "2013.11.20"]
[SourceQuality "1"]

1. Nf3 Nf6 2. g3 b6 3. Bg2 Bb7 4. 0-0 c5 5. d3 e6 6. e4 d6 7. Nbd2 Be7 8. Re1 0-0 9. c3 Nbd7 10. d4 e5 11. d5 b5 12. a4 a6 13. b3 c4 14. b4 Nb6 15. a5 Na4 16. Rxa4 bxa4 17. Nxc4 Rc8 18. Nfd2 Qe8 19. h4 Rc7 20. Re3 Bc8 21. Nb6 Ng4 22. Rd3 f5 23. c4 Nxf2 24. Kxf2 fxe4+ 25. Kg1 exd3 26. Ne4 Bf5 27. Qxd3 Qg6 28. Nxa4 Qg4 29. Nac3 Rfc8 30. c5 dxc5 31. b5 Bxe4 32. Nxe4 c4 33. Qc2 axb5 34. Kh2 Rd8 35. Bg5 h6 36. d6 hxg5 37. dxc7 gxh4 38. cxd8Q+ Bxd8 39. Bh3 Qg6 40. g4 Bxa5 41. g5 Qf7 42. Bf5 Kf8 43. Qf2 Kg8 44. g6 Qe7 45. Ng5 Kf8 46. Bd7+ 1-0

[Event "Krasnoyarsk City-ch"]
[Site "Krasnoyarsk"]
[Date "2013.10.04"]
[Round "2"]
[White "Sukhotin, Ilya"]
[Black "Malikov, Alexandr"]
[Result "1-0"]
[WhiteElo "2210"]
[BlackElo "2071"]
[PlyCount "71"]
[EventDate "2013.10.03"]
[EventType "swiss"]
[EventRounds "11"]
[EventCountry "RUS"]
[SourceTitle "EXT 2014"]
[Source "ChessBase"]
[SourceDate "2013.11.20"]
[SourceVersion "1"]
[SourceVersionDate "2013.11.20"]
[SourceQuality "1"]

1. e4 c5 2. Nf3 Nc6 3. d4 cxd4 4. Nxd4 Nf6 5. Nc3 e5 6. Ndb5 d6 7. Bg5 a6 8. Na3 b5 9. Bxf6 gxf6 10. Nd5 f5 11. Bd3 Be6 12. c4 Qa5+ 13. Kf1 fxe4 14. Nf6+ Ke7 15. Nxe4 Nd4 16. cxb5 axb5 17. Qh5 f6 18. Nc2 Nxc2 19. Bxc2 Rc8 20. Qd1 d5 21. Ng3 e4 22. Bb3 b4 23. Qh5 Rc5 24. Nf5+ Bxf5 25. Qxf5 Qa6+ 26. Kg1 Qe6 27. Qf4 Qe5 28. Qd2 Ke6 29. Re1 Bd6 30. g3 Rg8 31. Kg2 Qf5 32. Qe2 Ke7 33. f3 Qh5 34. fxe4 Qxe2+ 35. Rxe2 d4 36. Bxg8 1-0